Leadership and Motivation as a necessary part of a Manager´s Competence

Salvato in:
Dettagli Bibliografici
Autore principale: Janošková, Mária, 1965-
Altri autori: Ubrežiová, Iveta
Natura: Capitolo di libro
Lingua:inglese
Tags: Aggiungi Tag
Nessun Tag, puoi essere il primo ad aggiungerne!!

MARC

LEADER 00000naa$a2200000$$$4500
001 0297281
005 20260223112825.7
041 0 |a eng 
044 |a SK 
245 1 0 |a Leadership and Motivation as a necessary part of a Manager´s Competence  |c Mária Janošková, Iveta Ubrežiová 
100 1 |a Janošková, Mária, 1965- 
700 1 |a Ubrežiová, Iveta